MARC

LEADER 00000nam0a2200000 4500
001 262049
005 20231101233622.0
010 |a 5235000536 
020 |a RU  |b 88-31965 
035 |a (RuTPU)RU\TPU\book\285031 
090 |a 262049 
100 |a 20140529d1988 m a0rusy5003 ca 
101 0 |a rus 
102 |a RU 
105 |a a z 001zc 
200 1 |a Падение Перуна. Становление христианства на Руси  |f А. Кузьмин 
210 |a Москва  |c Молодая гвардия  |d 1988 
215 |a 240 с.  |c ил.  |d 20 см 
320 |a Библиогр.: с. 235-239. 
600 0 |a Кирилл  |c славянский просветитель  |c создатель славянской азбуки  |c брат Мефодия  |c до принятия монашества Константин  |f около 827-869  |2 stltpush  |3 (RuTPU)RU\TPU\pers\716  |9 330 
600 0 |a Мефодий  |c славянский просветитель  |c создатель славянской азбуки  |c брат Кирилла  |f около 815-885  |2 stltpush  |3 (RuTPU)RU\TPU\pers\717  |9 331 
606 1 |a Христианство  |x История  |2 stltpush  |3 (RuTPU)RU\TPU\subj\17606  |9 43213 
610 1 |a крещение Руси 
610 1 |a Киевская Русь 
610 1 |a факты 
610 1 |a гипотезы 
610 1 |a проблемы 
610 1 |a варяги 
610 1 |a русская церковь 
686 |a Э37-3  |v LBC/SL-A  |2 rubbk 
700 1 |a Кузьмин  |b А. Г.  |g Аполлон Григорьевич  |4 070 
801 0 |a RU  |b RuMRKP  |c 19950417  |g psbo 
801 1 |a RU  |b 63413507  |c 20140529 
801 2 |a RU  |b 63413507  |c 20150303  |g RCR 
942 |c BK